| 000 | 00365nam a2200133Ia 4500 | ||
|---|---|---|---|
| 005 | 20260328104343.0 | ||
| 008 | 260328s9999||||xx |||||||||||||| ||und|| | ||
| 100 | _aCalder, Barnabas | ||
| 245 | 0 |
_aArchitecture : _b The definitive Visual History / _cBarnabas Calder |
|
| 260 | _bDorling Kindesrley | ||
| 300 | _a440 p. | ||
| 650 | _aARQUITECTURA-EUROPA | ||
| 942 | _cBK | ||
| 999 |
_c12202 _d12202 |
||